[Event "GER-chT North U16"]
[Site "Syke"]
[Date "2004.09.18"]
[Round "5.4"]
[White "Reimann, Hauke"]
[Black "Meinardus, Nils"]
[Result "0-1"]
[WhiteElo "1221"]
[BlackElo "1716"]
[PlyCount "64"]
[EventDate "2004.09.16"]
[EventType "team-swiss"]
[EventRounds "7"]
[EventCountry "GER"]
[SourceTitle "EXT 2006"]
[Source "ChessBase"]
[SourceDate "2005.11.24"]
[SourceVersion "1"]
[SourceVersionDate "2005.11.24"]
[SourceQuality "1"]

1. e4 c5 2. Nf3 e6 3. Nc3 Nc6 4. Bc4 a6 5. d4 b5 6. d5 Na5 7. Be2 Qb6 8. dxe6 dxe6 9. Be3 Bb7 10. b4 Rd8 11. Qc1 Nc6 12. Qa3 Nd4 13. Nxd4 cxd4 14. 0-0-0 dxe3 15. Rxd8+ Qxd8 16. fxe3 Qg5 17. Qa5 Qd8 18. Qxd8+ Kxd8 19. Rd1+ Kc7 20. a3 Nf6 21. Bf3 Be7 22. Rf1 Bd6 23. h3 Be5 24. Ne2 Rd8 25. Nf4 Bxf4 26. exf4 Bxe4 27. Bxe4 Nxe4 28. Re1 f5 29. g4 g6 30. gxf5 exf5 31. c3 Rd3 32. Kb2 Rxh3 0-1

[Event "Niedersachsen-chT U16"]
[Site "Verden"]
[Date "2004.05.22"]
[Round "6.4"]
[White "Rickling, Renee"]
[Black "Meinardus, Nils"]
[Result "0-1"]
[WhiteElo "1303"]
[BlackElo "1597"]
[PlyCount "48"]
[EventDate "2004.05.20"]
[EventType "team"]
[EventRounds "7"]
[EventCountry "GER"]
[SourceTitle "EXT 2005"]
[Source "ChessBase"]
[SourceDate "2004.11.15"]
[SourceVersion "1"]
[SourceVersionDate "2004.11.15"]
[SourceQuality "1"]
[WhiteTeam "01"]
[BlackTeam "02"]
[WhiteTeamCountry "GER"]
[BlackTeamCountry "GER"]

1. d4 d5 2. c4 e6 3. Nc3 c6 4. Nf3 f5 5. Bf4 Nd7 6. e3 Ngf6 7. Qc2 Ne4 8. a3 Be7 9. Nxe4 fxe4 10. Ne5 0-0 11. Be2 Nxe5 12. Bxe5 Bd6 13. Bxd6 Qxd6 14. c5 Qe7 15. Bg4 Qg5 16. Qe2 e5 17. Bxc8 Raxc8 18. g3 exd4 19. exd4 Rf3 20. 0-0 Qh5 21. Rae1 Rcf8 22. Qd2 R8f6 23. Re3 Qh3 24. Rxf3 exf3 0-1

[Event "Niedersachsen-chT U16"]
[Site "Verden"]
[Date "2002.06.17"]
[Round "5.1"]
[White "Nuesken, Nikolas"]
[Black "Meinardus, Nils"]
[Result "1-0"]
[WhiteElo "1969"]
[BlackElo "1168"]
[PlyCount "59"]
[EventDate "2002.06.15"]
[EventType "team"]
[EventRounds "7"]
[EventCountry "GER"]
[SourceTitle "EXT 2003"]
[Source "ChessBase"]
[SourceDate "2002.11.25"]
[SourceVersion "1"]
[SourceVersionDate "2002.11.25"]
[SourceQuality "1"]

1. e4 d5 2. exd5 Qxd5 3. Nc3 Qa5 4. d4 Nf6 5. Nf3 Bg4 6. h3 Bh5 7. g4 Bg6 8. Ne5 c6 9. Bg2 e6 10. h4 h6 11. Nxg6 fxg6 12. Qe2 Kf7 13. Bd2 Bb4 14. a3 Re8 15. 0-0-0 Bxc3 16. Bxc3 Qc7 17. Qf3 Kg8 18. Bd2 h5 19. gxh5 gxh5 20. Bh3 Qf7 21. Rhg1 Nbd7 22. Bh6 g6 23. Bg5 Kg7 24. Rde1 c5 25. dxc5 Nxc5 26. Be3 Rac8 27. Bd4 Rc6 28. Kb1 a6 29. Qxh5 Kg8 30. Rxg6+ 1-0

[Event "Niedersachsen-chT U16"]
[Site "Verden"]
[Date "2002.06.16"]
[Round "3.1"]
[White "Flassig, Stefan"]
[Black "Meinardus, Nils"]
[Result "1-0"]
[WhiteElo "1385"]
[BlackElo "1168"]
[PlyCount "40"]
[EventDate "2002.06.15"]
[EventType "team"]
[EventRounds "7"]
[EventCountry "GER"]
[SourceTitle "EXT 2003"]
[Source "ChessBase"]
[SourceDate "2002.11.25"]
[SourceVersion "1"]
[SourceVersionDate "2002.11.25"]
[SourceQuality "1"]

1. e4 Nf6 2. Nc3 d5 3. f3 d4 4. Nce2 e5 5. Ng3 a6 6. Bc4 b5 7. Bb3 c5 8. a3 c4 9. Ba2 Nc6 10. d3 Be6 11. N1e2 cxd3 12. Bxe6 dxe2 13. Bxf7+ Kxf7 14. Qxe2 Bc5 15. Bg5 h6 16. Bxf6 Qxf6 17. a4 Qd6 18. axb5 axb5 19. Kd2 Bb4+ 20. Kd3 Qc5 1-0

[Event "Niedersachsen-chT U16"]
[Site "Verden"]
[Date "2002.06.15"]
[Round "2.1"]
[White "Rinne, Torben"]
[Black "Meinardus, Nils"]
[Result "1-0"]
[WhiteElo "1601"]
[BlackElo "1168"]
[PlyCount "43"]
[EventDate "2002.06.15"]
[EventType "team"]
[EventRounds "7"]
[EventCountry "GER"]
[SourceTitle "EXT 2003"]
[Source "ChessBase"]
[SourceDate "2002.11.25"]
[SourceVersion "1"]
[SourceVersionDate "2002.11.25"]
[SourceQuality "1"]

1. d4 d5 2. c4 e6 3. Nf3 Be7 4. Nc3 c6 5. e3 Nd7 6. Qc2 f5 7. cxd5 cxd5 8. Nb5 Bb4+ 9. Bd2 Bxd2+ 10. Nxd2 Ke7 11. Rc1 Ngf6 12. Be2 b6 13. Qc6 Ba6 14. Qd6+ Kf7 15. Nc7 Bxe2 16. Qxe6+ Kg6 17. Kxe2 Rc8 18. Nxd5 Rxc1 19. Rxc1 Nf8 20. Nf4+ Kg5 21. Nf3+ Kg4 22. h3# 1-0

[Event "Niedersachsen-ch U14"]
[Site "Rotenburg"]
[Date "2001.04.12"]
[Round "6"]
[White "Meinardus, Nils"]
[Black "Weidner, Kevin"]
[Result "0-1"]
[WhiteElo "1063"]
[BlackElo "1131"]
[PlyCount "56"]
[EventDate "2001.04.??"]
[EventType "swiss"]
[EventRounds "7"]
[EventCountry "GER"]
[SourceTitle "EXT 2003"]
[Source "ChessBase"]
[SourceDate "2002.11.25"]
[SourceVersion "1"]
[SourceVersionDate "2002.11.25"]
[SourceQuality "1"]

1. e4 e5 2. Nf3 Nc6 3. Bc4 Nf6 4. Ng5 d5 5. exd5 b5 6. Bxb5 Qxd5 7. Bxc6+ Qxc6 8. 0-0 Bb7 9. f3 Bd6 10. d3 0-0 11. Be3 Ng4 12. Qe2 Nxe3 13. Qxe3 Bc5 14. Qxc5 Qxc5+ 15. Kh1 Qxc2 16. b3 Qb2 17. Nd2 Qxd2 18. Ne4 Bxe4 19. dxe4 Rad8 20. h3 Qg5 21. Rf2 Rd2 22. Rxd2 Qxd2 23. Kg1 Rd8 24. Rf1 Qe3+ 25. Kh1 Rd2 26. Rg1 Re2 27. Kh2 Re1 28. Rxe1 Qxe1 0-1

[Event "Niedersachsen-ch U14"]
[Site "Rotenburg"]
[Date "2001.04.??"]
[Round "7"]
[White "Dietrich, Christian"]
[Black "Meinardus, Nils"]
[Result "1-0"]
[WhiteElo "1255"]
[BlackElo "1063"]
[PlyCount "81"]
[EventDate "2001.04.??"]
[EventType "swiss"]
[EventRounds "7"]
[EventCountry "GER"]
[SourceTitle "EXT 2003"]
[Source "ChessBase"]
[SourceDate "2002.11.25"]
[SourceVersion "1"]
[SourceVersionDate "2002.11.25"]
[SourceQuality "1"]

1. e4 d5 2. exd5 Qxd5 3. Nc3 Qa5 4. d4 Nf6 5. Nf3 Bg4 6. h3 Bh5 7. g4 Bg6 8. Ne5 c6 9. h4 e6 10. f3 h6 11. Nxg6 fxg6 12. Bd3 Bb4 13. Bxg6+ Ke7 14. Bd2 Nbd7 15. a3 Bxc3 16. Bxc3 Qc7 17. Qe2 Nd5 18. Bd2 Rhf8 19. 0-0-0 Nf4 20. Bxf4 Qxf4+ 21. Rd2 Qxf3 22. Re1 Qxe2 23. Rdxe2 Rf6 24. Bd3 b5 25. g5 hxg5 26. hxg5 Rf4 27. Rxe6+ Kf8 28. Bg6 Kg8 29. Re8+ Rxe8 30. Rxe8+ Rf8 31. Kd2 Rxe8 32. Bxe8 Nb8 33. Ke3 Kf8 34. Bg6 Nd7 35. Be4 Nb8 36. b3 Ke7 37. Kf4 a5 38. Kf5 Kf7 39. c4 bxc4 40. bxc4 Kf8 41. Ke6 1-0

[Event "Niedersachsen-ch U14"]
[Site "Rotenburg"]
[Date "2001.04.??"]
[Round "2"]
[White "Meinardus, Nils"]
[Black "Kaiser, David"]
[Result "0-1"]
[WhiteElo "1063"]
[BlackElo "1122"]
[PlyCount "60"]
[EventDate "2001.04.??"]
[EventType "swiss"]
[EventRounds "7"]
[EventCountry "GER"]
[SourceTitle "EXT 2003"]
[Source "ChessBase"]
[SourceDate "2002.11.25"]
[SourceVersion "1"]
[SourceVersionDate "2002.11.25"]
[SourceQuality "1"]

1. e4 e6 2. d4 d5 3. exd5 exd5 4. Bd3 Bd6 5. Ne2 Be6 6. Nbc3 Nc6 7. Bb5 Nge7 8. Bf4 Qd7 9. Qd2 0-0 10. 0-0 Rfe8 11. Rfe1 Ng6 12. a3 Re7 13. Bxd6 Qxd6 14. Bxc6 Qxc6 15. Nf4 Nxf4 16. Qxf4 Rae8 17. Qd2 Bf5 18. Rxe7 Rxe7 19. Rc1 Qe6 20. h3 c6 21. Kf1 Qg6 22. Ne2 Be4 23. Nf4 Qg5 24. Re1 Bxg2+ 25. Kg1 Bxh3+ 26. Kh1 Be6 27. Rg1 Qh6+ 28. Kg2 Bd7 29. Rh1 Qg5+ 30. Kf1 Re4 0-1